000 00276nam a2200109Ia 4500
008 230320s9999||||xx |||||||||||||| ||spa||
082 _a268/C7
100 _aCongregacion Para El Clero
245 0 _aDirectorio General Para La Catequesis
260 _bVATICANA
942 _80
_cLIB
999 _c40370
_d40370